A régmúlt vonzásában – egy új neveléstörténeti könyvről

Nem a piaci viszonyok és az eladhatóság ösztönzi azokat a szerzőket, akik a folytonosan változó pedagógusképzés viszonyai között arra vállalkoznak, hogy neveléstörténeti monográfiát írjanak. A szerzők bátorsága majdhogynem vakmerőség – Arisztotelészre gondolva –, hiszen ráadásul még antik és középko...

Teljes leírás

Elmentve itt :
Bibliográfiai részletek
Szerző: Mikonya György
Dokumentumtípus: Cikk
Megjelent: 2015
Sorozat:Iskolakultúra 25 No. 5-6
Online Access:http://misc.bibl.u-szeged.hu/41712
LEADER 01450nab a2200181 i 4500
001 misc41712
005 20191106140439.0
008 180706s2015 hu o 0|| zxx d
022 |a 1215-5233 
040 |a SZTE Miscellanea Repozitórium  |b hun 
041 |a zxx 
100 1 |a Mikonya György 
245 1 2 |a A régmúlt vonzásában – egy új neveléstörténeti könyvről  |h [elektronikus dokumentum] /  |c  Mikonya György 
260 |c 2015 
300 |a 217-219 
490 0 |a Iskolakultúra  |v 25 No. 5-6 
520 3 |a Nem a piaci viszonyok és az eladhatóság ösztönzi azokat a szerzőket, akik a folytonosan változó pedagógusképzés viszonyai között arra vállalkoznak, hogy neveléstörténeti monográfiát írjanak. A szerzők bátorsága majdhogynem vakmerőség – Arisztotelészre gondolva –, hiszen ráadásul még antik és középkori témával foglalkoznak. Mindez egyáltalán nem meglepő, ha a szerzőpáros történelem–latin szakos előéletére gondolunk. A monográfia megírására, bizonyára, ösztönző hatású lehetett az intézményi hátteret jelentő Pázmány Péter Tudományegyetem Bölcsészettudományi Karának azon törekvése is, hogy Gloviczki Zoltán és Zsinka László hatékony együttműködése által a hallgatók számára a legújabb kutatási eredményeket is feldolgozó kötet szülessen. 
856 4 0 |u http://misc.bibl.u-szeged.hu/41712/1/EPA00011_iskolakultura_2015_05-06_217-220.pdf  |z Dokumentum-elérés